Historical and contemporary philosophies of education (Record no. 58936)
[ view plain ]
| 000 -LEADER | |
|---|---|
| fixed length control field | 00625 a2200217 4500 |
| 020 ## - INTERNATIONAL STANDARD BOOK NUMBER | |
| International Standard Book Number | 0-690-38146-8 |
| 041 ## - LANGUAGE CODE | |
| Language code of text/sound track or separate title | Eng |
| 082 ## - DEWEY DECIMAL CLASSIFICATION NUMBER | |
| Classification number | 370.1 |
| Item number | G198h |
| 100 ## - MAIN ENTRY--PERSONAL NAME | |
| Personal name | Gruber, Frederick C |
| 9 (RLIN) | 19182 |
| 245 ## - TITLE STATEMENT | |
| Title | Historical and contemporary philosophies of education |
| 260 ## - PUBLICATION, DISTRIBUTION, ETC. | |
| Place of publication, distribution, etc. | New York |
| Name of publisher, distributor, etc. | Thomas Y. Crowell |
| Date of publication, distribution, etc. | 1973 |
| 300 ## - PHYSICAL DESCRIPTION | |
| Extent | viii, 260p. illus map |
| 504 ## - BIBLIOGRAPHY, ETC. NOTE | |
| Bibliography, etc. note | Bibliography at the end of each chapter |
| 650 ## - SUBJECT ADDED ENTRY--TOPICAL TERM | |
| Topical term or geographic name entry element | Educational philosophy |
| 9 (RLIN) | 4917 |
| 650 ## - SUBJECT ADDED ENTRY--TOPICAL TERM | |
| Topical term or geographic name entry element | Educational history |
| 9 (RLIN) | 6127 |
| 650 ## - SUBJECT ADDED ENTRY--TOPICAL TERM | |
| Topical term or geographic name entry element | Classrooms |
| 9 (RLIN) | 17382 |
| 650 ## - SUBJECT ADDED ENTRY--TOPICAL TERM | |
| Topical term or geographic name entry element | Idealism |
| 9 (RLIN) | 893 |
| 653 ## - INDEX TERM--UNCONTROLLED | |
| Uncontrolled term | Education |
| 942 ## - ADDED ENTRY ELEMENTS (KOHA) | |
| Source of classification or shelving scheme | Dewey Decimal Classification |
| Koha item type | General Collections |
| 518 ## - DATE/TIME AND PLACE OF AN EVENT NOTE | |
| -- | 2067-11-11 |
No items available.
